Central Library OPAC University of Rajshahi
Normal view MARC view

Entry Uniform Title

Number of records used in: 3

001 - CONTROL NUMBER

  • control field: 3977

003 - CONTROL NUMBER IDENTIFIER

  • control field: BD-RjUL

005 - DATE AND TIME OF LATEST TRANSACTION

  • control field: 20220630160609.0

008 - FIXED-LENGTH DATA ELEMENTS

  • fixed length control field: 220630|| aca||aabn | a|a d

040 ## - CATALOGING SOURCE

  • Original cataloging agency: BD-RjUL
  • Transcribing agency: BD-RjUL

130 ## - HEADING--UNIFORM TITLE

  • Uniform title: دراسات قصيرة في الادب والتأريخ والفلسفة ؛

670 ## - SOURCE DATA FOUND

  • Source citation: Work cat.: (BD-RjUL)80072: فروخ، عمر، 1906-1987 2085, كلمة فى ابن خلدون ومقدمته [Kalimah fī Ibn Khaldūn wa-muqaddimatih] /, ١٣٧٠هج ١٩٥١م.